[Event "EU-ch U10 rapid"]
[Site "Terme Catez"]
[Date "2023.09.29"]
[Round "8"]
[White "Rusu, Lucas"]
[Black "Ilko Toth, Andras"]
[Result "1/2-1/2"]
[WhiteElo "1791"]
[BlackElo "1749"]
[PlyCount "141"]
[EventDate "2023.09.28"]
[EventType "swiss (rapid)"]
[EventRounds "9"]
[EventCountry "SLO"]
[SourceTitle "EXT 2024"]
[Source "ChessBase"]
[SourceDate "2023.10.10"]
[SourceVersion "1"]
[SourceVersionDate "2023.10.10"]
[SourceQuality "1"]

1. e4 c5 2. Nf3 e6 3. c3 d5 4. exd5 Qxd5 5. d4 Nf6 6. Be2 Nc6 7. Be3 cxd4 8. cxd4 Be7 9. Nc3 Qd8 10. 0-0 0-0 11. a3 b6 12. Qb3 Bb7 13. Rfd1 Na5 14. Qa2 Nd5 15. Rac1 Rc8 16. Nd2 Bf6 17. Qb1 Qe7 18. Nce4 Nxe3 19. fxe3 Bg5 20. Qd3 Rfd8 21. Nxg5 Qxg5 22. Nf3 Qe7 23. e4 Nc6 24. Qe3 Qf6 25. e5 Qe7 26. Bd3 Na5 27. b4 Rxc1 28. Rxc1 Nc6 29. Be4 Qd7 30. Rd1 Ne7 31. Ng5 Bxe4 32. Nxe4 Nf5 33. Qg5 Kh8 34. h3 h6 35. Qd2 Qd5 36. Qe1 Rc8 37. Qe2 Rc4 38. Kh2 Rxd4 39. Rxd4 Nxd4 40. Qd3 Qxe5+ 41. Kg1 Nf5 42. Nc3 Qe1+ 43. Kh2 Ne3 44. Qd8+ Kh7 45. Qd3+ g6 46. Nb5 Nf1+ 47. Kg1 Ne3+ 48. Kh2 Nf5 49. Nxa7 Qe5+ 50. Kg1 h5 51. Nc6 Qc7 52. b5 h4 53. a4 Ng3 54. Qf3 Nf5 55. Qf2 Qb7 56. Qf4 Qd7 57. Ne5 Qc7 58. Qe4 Kg7 59. Nc6 Qd7 60. Qe5+ Kh7 61. Qe4 Kg8 62. Qf3 Qd6 63. Qb3 Qc5+ 64. Kh2 Ng3 65. Qb2 Nf1+ 66. Kh1 Ng3+ 67. Kh2 Nf1+ 68. Kh1 Ng3+ 69. Kh2 Nf1+ 70. Kh1 Ng3+ 71. Kh2 1/2-1/2

[Event "HUN-ch U10/14"]
[Site "Buek"]
[Date "2023.06.22"]
[Round "6"]
[White "Ilko Toth, Andras"]
[Black "Liu, James Jiayu"]
[Result "1/2-1/2"]
[WhiteElo "1591"]
[BlackElo "1636"]
[PlyCount "78"]
[EventDate "2023.06.17"]
[EventType "swiss"]
[EventRounds "9"]
[EventCountry "HUN"]
[SourceTitle "CBM 215 Extra"]
[Source "ChessBase"]
[SourceDate "2023.09.30"]
[SourceVersion "1"]
[SourceVersionDate "2023.09.30"]
[SourceQuality "1"]

1. Nf3 d5 2. b3 c5 3. e3 Bg4 4. Bb2 a6 5. h3 Bf5 6. c4 e6 7. d3 Nf6 8. a3 Be7 9. Nc3 0-0 10. Nh4 Bg6 11. Nxg6 fxg6 12. Be2 Nc6 13. cxd5 exd5 14. d4 b5 15. dxc5 Bxc5 16. Bf3 Ne7 17. 0-0 Ra7 18. b4 Bb6 19. Ne2 Rc7 20. Bd4 Rc4 21. Qd3 Qd6 22. Bxb6 Qxb6 23. Nf4 Rd8 24. Rfc1 a5 25. Rxc4 dxc4 26. Qc3 a4 27. Rd1 Rxd1+ 28. Bxd1 Qd6 29. Bc2 Nc6 30. Ne2 Nd5 31. Qd2 Qe5 32. e4 Nf6 33. Nc3 Nd4 34. f4 Qd6 35. Qf2 Nxc2 36. Qxc2 Qxf4 37. Nxb5 Qxe4 38. Qxa4 Qe1+ 39. Kh2 Qe5+ 1/2-1/2

[Event "HUN-ch U10/14"]
[Site "Buek"]
[Date "2023.06.20"]
[Round "3"]
[White "Ilko Toth, Andras"]
[Black "Golya, David"]
[Result "1-0"]
[WhiteElo "1591"]
[BlackElo "1148"]
[PlyCount "73"]
[EventDate "2023.06.17"]
[EventType "swiss"]
[EventRounds "9"]
[EventCountry "HUN"]
[SourceTitle "CBM 215 Extra"]
[Source "ChessBase"]
[SourceDate "2023.09.30"]
[SourceVersion "1"]
[SourceVersionDate "2023.09.30"]
[SourceQuality "1"]

1. Nf3 Nf6 2. b3 d6 3. Bb2 e5 4. d3 Nc6 5. Nbd2 Be7 6. g3 0-0 7. Bg2 Bg4 8. h3 Be6 9. c4 Qd7 10. a3 a5 11. d4 exd4 12. Nxd4 Nxd4 13. Bxd4 c5 14. Bb2 h6 15. a4 Rfe8 16. e4 Nh7 17. g4 Bh4 18. 0-0 h5 19. f4 Qc8 20. f5 Bd7 21. gxh5 Ng5 22. Nf3 Nxf3+ 23. Qxf3 f6 24. h6 Re7 25. Bc1 Bg5 26. Bxg5 fxg5 27. Qh5 gxh6 28. Qxh6 Rg7 29. f6 Rh7 30. f7+ Rxf7 31. Rxf7 Kxf7 32. Rf1+ Kg8 33. e5 Be6 34. Rf6 Bf7 35. Bd5 Bxd5 36. Qxg5+ Kh8 37. Rh6# 1-0

[Event "EU-ch U08 30th"]
[Site "Antalya"]
[Date "2022.11.12"]
[Round "7"]
[White "Kryshtafor, Maksym"]
[Black "Ilko Toth, Andras"]
[Result "1/2-1/2"]
[WhiteElo "1338"]
[BlackElo "1545"]
[PlyCount "164"]
[EventDate "2022.11.06"]
[EventType "swiss"]
[EventRounds "9"]
[EventCountry "TUR"]
[SourceTitle "CBM 211 Extra"]
[Source "ChessBase"]
[SourceDate "2023.01.31"]
[SourceVersion "1"]
[SourceVersionDate "2023.01.31"]
[SourceQuality "1"]

1. e4 c5 2. Nf3 e6 3. Bd3 a6 4. 0-0 Qc7 5. Re1 d6 6. c3 Nd7 7. Bc2 Ngf6 8. d4 cxd4 9. cxd4 Be7 10. Nc3 e5 11. d5 b5 12. a3 Nb6 13. Bd3 0-0 14. h3 Nfd7 15. Nh2 Nc5 16. Bf1 f5 17. exf5 Bxf5 18. b4 Ncd7 19. Bd2 Nf6 20. Rc1 Qb7 21. Bg5 Nbxd5 22. Qf3 Be6 23. Rcd1 Rab8 24. Bxf6 Nxf6 25. Qxb7 Rxb7 26. f4 Nd7 27. fxe5 Nxe5 28. Ne4 Rd7 29. Nc5 dxc5 30. Rxd7 Bxd7 31. Rxe5 Bf6 32. Rd5 Bd4+ 33. Kh1 Bc6 34. Rd6 Rc8 35. bxc5 Bxc5 36. Rd3 a5 37. Rc3 Bf8 38. Nf3 b4 39. axb4 axb4 40. Rc1 Kh8 41. Bb5 Bd7 42. Rxc8 Bxc8 43. Bc4 g6 44. Ng5 Bf5 45. Bb3 Kg7 46. Ne6+ Bxe6 47. Bxe6 Kf6 48. Bb3 Ke5 49. g4 Kd4 50. g5 h6 51. h4 hxg5 52. hxg5 Ke5 53. Bc2 Kd4 54. Bxg6 b3 55. Bf7 b2 56. Bg6 Be7 57. Kg2 Ke3 58. Kf1 Kd2 59. Bb1 Bxg5 60. Kf2 Kc1 61. Bf5 Bh4+ 62. Kf3 Bd8 63. Ke2 Ba5 64. Bd3 Bb6 65. Kf3 Kd2 66. Bg6 Ba5 67. Kg2 Bc3 68. Kh1 Ke3 69. Bh7 Kf4 70. Bc2 Ke5 71. Kh2 Kd6 72. Kg2 Kc5 73. Kf3 Kb4 74. Ke4 Ka3 75. Kd3 Bh8 76. Bb1 Kb3 77. Kd2 Bc3+ 78. Kd1 Ba5 79. Be4 Ka2 80. Ke2 Bd8 81. Bg6 b1Q 82. Bxb1+ Kxb1 1/2-1/2

[Event "EU-ch U08 30th"]
[Site "Antalya"]
[Date "2022.11.10"]
[Round "5"]
[White "Ilko Toth, Andras"]
[Black "Lampos, Charalampos"]
[Result "1-0"]
[WhiteElo "1545"]
[BlackElo "1355"]
[PlyCount "117"]
[EventDate "2022.11.06"]
[EventType "swiss"]
[EventRounds "9"]
[EventCountry "TUR"]
[SourceTitle "CBM 211 Extra"]
[Source "ChessBase"]
[SourceDate "2023.01.31"]
[SourceVersion "1"]
[SourceVersionDate "2023.01.31"]
[SourceQuality "1"]

1. Nf3 d5 2. b3 Nf6 3. Bb2 e6 4. g3 c5 5. Bg2 Nc6 6. 0-0 Be7 7. d4 0-0 8. Nbd2 a6 9. c4 Rb8 10. Rc1 Qd7 11. cxd5 Nxd4 12. Nxd4 cxd4 13. dxe6 fxe6 14. Nf3 b6 15. Qxd4 Qxd4 16. Nxd4 Bd7 17. Nc6 Rbe8 18. Nxe7+ Rxe7 19. Ba3 Ree8 20. Bxf8 Rxf8 21. Rfd1 Bb5 22. Bf3 e5 23. Rd2 e4 24. Bg2 Ng4 25. e3 Bd3 26. h3 Nf6 27. Bf1 Bxf1 28. Kxf1 b5 29. Rc6 Ra8 30. Rd4 a5 31. g4 h6 32. Ke2 Kf7 33. f3 exf3+ 34. Kxf3 Ra7 35. e4 Nd7 36. Kf4 a4 37. bxa4 bxa4 38. Rcc4 a3 39. Ra4 Rc7 40. Rxa3 Nc5 41. Rd5 Ne6+ 42. Kg3 Ng5 43. Rd4 Re7 44. Re3 Ra7 45. a4 Ra6 46. e5 Ne6 47. Rd7+ Kg6 48. Rd6 Rxd6 49. exd6 Nc5 50. Re5 Nd7 51. Re7 Nf6 52. d7 Nxd7 53. Rxd7 Kf6 54. a5 Kg6 55. a6 Kf6 56. a7 Kg6 57. a8Q Kf6 58. Qd5 g6 59. Rf7# 1-0